E-Health systems : theory, advances and technical applications /

E-Health Systems: Theory, Advances and Technical Applications offers a global vision of all the parties involved with e-health system deployment and its operation process, presenting the state of the art in major trends for improving healthcare quality and efficiency of healthcare management. The au...

Full description

Bibliographic Details
Main Authors: Rodrigues, Joel J. P. C. (Author), Compte, Sandra Sendra (Author), Diez, Isabel de la Torra (Author)
Corporate Author: ScienceDirect (Online service)
Format: eBook
Language:English
Published: London : Kidlington, Oxford : ISTE Press Ltd ; Elsevier Ltd, 2016.
Series:Sensor networks set.
Subjects:
Online Access:Connect to the full text of this electronic book

MARC

Tag First Indicator Second Indicator Subfields
LEADER 00000cam a2200000 a 4500
001 in00005760713
005 20260407211439.8
006 m o d
007 cr |n|||||||||
008 160805s2016 enk ob 001 0 eng d
019 |a 1066679267  |a 1235843132  |a 1259234140  |a 1340082414 
020 |a 0081012055  |q (electronic bk.) 
020 |a 9780081012055  |q (electronic bk.) 
020 |z 9781785480911 
020 |z 178548091X 
024 8 |a (WaSeSS)ssj0001753678 
035 |a (OCoLC)955133955  |z (OCoLC)1066679267  |z (OCoLC)1235843132  |z (OCoLC)1259234140  |z (OCoLC)1340082414 
037 |a 943749  |b MIL 
040 |a IDEBK  |b eng  |e pn  |c IDEBK  |d OPELS  |d OCLCF  |d OCLCQ  |d JG0  |d MERUC  |d OCLCO  |d N$T  |d VGM  |d OCLCO  |d MERER  |d OCLCO  |d OCLCQ  |d U3W  |d OCLCA  |d D6H  |d OCLCQ  |d OCLCO  |d CHVBK  |d EZ9  |d OCLCO  |d AU@  |d OCLCO  |d OCLCQ  |d OCLCO  |d OCLCA  |d WYU  |d OCLCA  |d OCLCQ  |d OCLCO  |d OCLCQ  |d OCLCA  |d YDX  |d VT2  |d OCLCO  |d OCLCQ  |d OCL  |d COA  |d OCLCO  |d OCLCL  |d SXB  |d OCLCQ  |d OCLCL  |d OCLCQ 
049 |a TXAM 
050 4 |a R858  |b .R63 2016eb 
060 4 |a W 26.5 
072 7 |a HEA  |x 012000  |2 bisacsh 
072 7 |a HEA  |x 020000  |2 bisacsh 
072 7 |a MED  |x 004000  |2 bisacsh 
072 7 |a MED  |x 101000  |2 bisacsh 
072 7 |a MED  |x 109000  |2 bisacsh 
072 7 |a MED  |x 029000  |2 bisacsh 
072 7 |a MED  |x 040000  |2 bisacsh 
072 7 |a MED  |x 092000  |2 bisacsh 
082 0 4 |a 610.285  |2 23 
100 1 |a Rodrigues, Joel J. P. C.,  |e author. 
245 1 0 |a E-Health systems :  |b theory, advances and technical applications /  |c Joel José P.C. Rodrigues, Sandra Sendra Compte, Isabel de la Torra Diez. 
260 |a London :  |b ISTE Press Ltd ;  |a Kidlington, Oxford :  |b Elsevier Ltd,  |c 2016. 
300 |a 1 online resource. 
336 |a text  |b txt  |2 rdacontent 
337 |a computer  |b c  |2 rdamedia 
338 |a online resource  |b cr  |2 rdacarrier 
490 1 |a Sensor networks set 
588 0 |a Print version record. 
520 |a E-Health Systems: Theory, Advances and Technical Applications offers a global vision of all the parties involved with e-health system deployment and its operation process, presenting the state of the art in major trends for improving healthcare quality and efficiency of healthcare management. The authors focus on ICT technologies and solutions for health management and healthcare applications, specifically emerging ICT to help reduce costs and improve healthcare quality, and healthcare trends in consumer empowerment and information-rich "Smart Care", with ubiquitous care access from anywhere, at any time, by any authorized person(s) when needed. Split into two parts, this book provides a comprehensive introduction to the concepts of e-health and delves into the processes carried out to store information, as well as the standards that are used; the authors explore applications and implementation of e-health systems, explaining in depth the types of wireless networks and security protocols employed to convert these systems into robust solutions avoiding any kind of data corruption and vulnerabilities. 
504 |a Includes bibliographical references and index. 
650 0 |a Information storage and retrieval systems  |x Medicine. 
650 0 |a Medical informatics. 
650 0 |a Medicine  |x Data processing. 
650 1 2 |a Medical Informatics 
650 2 2 |a Electronic Health Records 
650 2 |a Medical Informatics Applications 
650 6 |a Systèmes d'information  |x Médecine. 
650 6 |a Médecine  |x Informatique. 
650 7 |a HEALTH & FITNESS  |x Holism.  |2 bisacsh 
650 7 |a HEALTH & FITNESS  |x Reference.  |2 bisacsh 
650 7 |a MEDICAL  |x Alternative Medicine.  |2 bisacsh 
650 7 |a MEDICAL  |x Atlases.  |2 bisacsh 
650 7 |a MEDICAL  |x Essays.  |2 bisacsh 
650 7 |a MEDICAL  |x Family & General Practice.  |2 bisacsh 
650 7 |a MEDICAL  |x Holistic Medicine.  |2 bisacsh 
650 7 |a MEDICAL  |x Osteopathy.  |2 bisacsh 
650 7 |a Medicine  |x Data processing  |2 fast 
650 7 |a Medical informatics  |2 fast 
650 7 |a Information storage and retrieval systems  |x Medicine  |2 fast 
655 7 |a Electronic books.  |2 local 
700 1 |a Compte, Sandra Sendra,  |e author. 
700 1 |a Diez, Isabel de la Torra,  |e author. 
710 2 |a ScienceDirect (Online service) 
758 |i has work:  |a e-Health systems (Text)  |1 https://id.oclc.org/worldcat/entity/E39PCFHvmv8HK9f7mQhgHVhTBK  |4 https://id.oclc.org/worldcat/ontology/hasWork 
776 0 8 |i Print version:  |a Rodrigues, Joel José P.C.  |t E-Health systems : theory, advances and technical applications.  |d London, [England] ; Oxford, [England] : ISTE Press : Elsevier, ©2016  |h xxxiv, 261 pages  |k Sensor Networks Set  |z 9781785480911 
830 0 |a Sensor networks set. 
856 4 0 |u http://proxy.library.tamu.edu/login?url=https://www.sciencedirect.com/science/book/9781785480911  |z Connect to the full text of this electronic book  |t 0 
936 |a BATCHLOAD 
955 |a Elsevier ScienceDirect 2026-2027 
994 |a 92  |b TXA 
999 f f |s 83273b96-6545-4211-a45f-7225b50419b6  |i e337f614-39eb-47fc-b807-b7900d618841  |t 0 
952 f f |a Texas A&M University  |b College Station  |c Electronic Resources  |s www_evans  |d Available Online  |t 0  |e R858 .R63 2016eb  |h Library of Congress classification 
998 f f |a R858 .R63 2016eb  |t 0  |l Available Online